Introductory microeconomics/ (Record no. 11068)

MARC details
000 -LEADER
fixed length control field 00517nam a22001937a 4500
005 - DATE AND TIME OF LATEST TRANSACTION
control field 20201107132726.0
008 - FIXED-LENGTH DATA ELEMENTS--GENERAL INFORMATION
fixed length control field 201107b ||||| |||| 00| 0 eng d
020 ## - INTERNATIONAL STANDARD BOOK NUMBER
International Standard Book Number 978894192619
040 ## - CATALOGING SOURCE
Original cataloging agency IN-DiNC
Transcribing agency IN-DiNC
041 ## - LANGUAGE CODE
Language code of sung or spoken text English
082 ## - DEWEY DECIMAL CLASSIFICATION NUMBER
Classification number 338.5
Item number GAR
100 ## - MAIN ENTRY--PERSONAL NAME
Personal name Garg, Sandeep
Relator term Author
245 ## - TITLE STATEMENT
Title Introductory microeconomics/
Statement of responsibility, etc. by Sandeep Garg
250 ## - EDITION STATEMENT
Edition statement 11th rev. ed.
260 ## - PUBLICATION, DISTRIBUTION, ETC.
Place of publication, distribution, etc. New Delhi:
Name of publisher, distributor, etc. Dhanpat rai publications,
Date of publication, distribution, etc. 2020
650 ## - SUBJECT ADDED ENTRY--TOPICAL TERM
Topical term or geographic name entry element Economics
650 ## - SUBJECT ADDED ENTRY--TOPICAL TERM
Topical term or geographic name entry element Microeconomics
942 ## - ADDED ENTRY ELEMENTS (KOHA)
Source of classification or shelving scheme Dewey Decimal Classification
Koha item type Books
Holdings
Withdrawn status Lost status Source of classification or shelving scheme Damaged status Not for loan Collection code Home library Current library Shelving location Date acquired Cost, normal purchase price Total Checkouts Full call number Barcode Date last seen Date last checked out Copy number Price effective from Koha item type
    Dewey Decimal Classification     Economics Central Library, Naharkatiya College Central Library, Naharkatiya College General Stacks 07/11/2020 315.00 20 338.5 GAR 28565 20/03/2026 13/03/2026 1 07/11/2020 Books
    Dewey Decimal Classification     Economics Central Library, Naharkatiya College Central Library, Naharkatiya College General Stacks 07/11/2020 315.00 10 338.5 GAR 28566 21/11/2025 06/11/2025 2 07/11/2020 Books

Naharkatiya College © 2020. All rights reserved.

Powered By